| 000 | 00797nam a2200277Ia 4500 | ||
|---|---|---|---|
| 003 | OSt | ||
| 005 | 20220926025605.0 | ||
| 006 | a|||||r|||| 00| 0 | ||
| 007 | ta | ||
| 008 | 220923b |||||||| |||| 00| 0 eng d | ||
| 020 | _a0 08 023711 8 | ||
| 037 | _cGeneral Book | ||
| 040 |
_aRTL _cRTL _beng |
||
| 041 |
_2eng _aeng |
||
| 082 | _aU43:(B), L9 | ||
| 100 |
_aGoodall Brian Ed. _9279791 |
||
| 245 | 0 | _aResources and planning | |
| 260 |
_aOxford _bPergamon Press _c1979 |
||
| 300 |
_axviii, 373p _ccm. |
||
| 490 | _aPergamon Oxford Geographies | ||
| 500 | _aPergamon International Library | ||
| 650 | _aUrban Geography | ||
| 700 |
_a Kirby Andrew Ed. _9279617 |
||
| 942 |
_hU43:(B), L9 _cGB _2CC |
||
| 999 |
_c647503 _d647503 |
||